000 01353cam a22003977a 4500
001 5770
003 FISKH
005 20250121142551.0
008 090326s2009 nyua j 000 1 eng
010 _a 2009275897
015 _aGBA8D1417
_2bnb
016 7 _a014821730
_2Uk
020 _a9780756645151 (Hardcover)
020 _a9780756645144
020 _a9781405338585 (pbk.)
020 _a140533858X (pbk.)
020 _a0756645158
035 _a(OCoLC)ocn230204919
040 _aUKM
_cUKM
_dBTCTA
_dBAKER
_dOEL
_dDLC
_beng
050 _aPZ7.S42535
082 _a428.6
100 1 _aScott, Heather.
245 1 0 _aStar wars, the clone wars :
_pYoda in action! /
_cwritten by Heather Scott.
260 _aNew York :
_bDK,
_c2009.
300 _a48 pages :
_bcolor illustrations ;
_c23 cm
490 1 _aDK readers. 3, reading alone
505 _aR
520 _aAfter their ship is destroyed, Jedi Master Yoda and his three clone troops attempt to defeat the evil assassin Asajj Ventress and her droid troops and win King Katuunko and his Toydarian subjects over to the Republic's caus
521 8 _a730
_bLexile
521 8 _aR
_bRaz-Plus
650 0 _aStar Wars films
_vJuvenile literature.
655 0 _aStar Wars fiction.
906 _a7
_bcbc
_ccopycat
_d2
_encip
_f20
_gy-gencatlg
942 _2ddc
_cBK
_n0
999 _c5770
_d5770